| 000 | 01093nam a22002055i 4500 | ||
|---|---|---|---|
| 001 | 157179 | ||
| 003 | ES-MaACL | ||
| 005 | 20250930063135.0 | ||
| 008 | 990701s1863 sp |||| | spa d | ||
| 040 |
_aCLM _bspa _cCCPB | 3D |
||
| 100 | 1 |
_aLasso de la Vega, Ángel, _d1831-1899 _9128726 |
|
| 245 | 1 | 4 |
_aUna deuda de honor _b: comedia en tres actos y en verso / _coriginal de Angel Lasso de la Vega y Argüelles. |
| 260 |
_aMadrid : _b[s.n.], _c1863 ( _fImprenta de Jose Rodriguez) |
||
| 300 |
_a90 p. ; _c21 cm. |
||
| 490 | 1 | _aEl Teatro : colección de obras dramáticas y líricas | |
| 500 | _aEn port.: Premiada en el certámen celebrado por el Circo Barcelonés el año de 1862 y representada por vez primera en el mismo teatro el día 24 de marzo de 1863. | ||
| 830 | 0 | 3 |
_aEl teatro: colección de obras dramática y líricas _9221753 |
| 852 |
_aES-MaACL _jF-8604(1) _z-- Enc. pasta española _z-- Ded. ms. del autor _q-- Falto de la cub. original _z--Enc. en un vol. facticio formando parte de la col. facticia "Teatro español moderno", vol. 57 |
||
| 999 |
_c157179 _d157179 |
||